An introduction to microcomputers : (Record no. 176110)

000 -LEADER
fixed length control field 00848 a2200217 4500
003 - CONTROL NUMBER IDENTIFIER
control field Nust
005 - DATE AND TIME OF LATEST TRANSACTION
control field 20220725132341.0
010 ## - LIBRARY OF CONGRESS CONTROL NUMBER
LC control number 82207139
020 ## - INTERNATIONAL STANDARD BOOK NUMBER
International Standard Book Number 0931988640 (pbk.)
040 ## - CATALOGING SOURCE
Transcribing agency Nust
082 00 - DEWEY DECIMAL CLASSIFICATION NUMBER
Classification number 004.16,OSB
100 1# - MAIN ENTRY--PERSONAL NAME
Personal name Osborne, Adam.
9 (RLIN) 68946
245 13 - TITLE STATEMENT
Title An introduction to microcomputers :
Remainder of title the ebinners book /
Statement of responsibility, etc. Adam Osborne, David Bunnell.
250 ## - EDITION STATEMENT
Edition statement 3rd ed.
260 ## - PUBLICATION, DISTRIBUTION, ETC.
Place of publication, distribution, etc. Berkeley, Ca., U.S.A. :
Name of publisher, distributor, etc. Osborne/McGraw-Hill,
Date of publication, distribution, etc. c1982-
300 ## - PHYSICAL DESCRIPTION
Extent v. 233p.::
Other physical details ill. ;
Dimensions 24 cm.
505 ## - FORMATTED CONTENTS NOTE
Formatted contents note The Parts That Make The Whole (Page-1), Choosing A Microcomputer (Page-45), Software Makes Your Microcomputer Go (Page-77), Getting Down To Basics (Page-89), Inside A Microcomputer (Page-133), Putting It All Together (Page-157)
650 #0 - SUBJECT ADDED ENTRY--TOPICAL TERM
Topical term or geographic name entry element Microcomputers.
9 (RLIN) 8096
700 1# - ADDED ENTRY--PERSONAL NAME
Personal name Bunnell, David.
9 (RLIN) 94903
942 ## - ADDED ENTRY ELEMENTS (KOHA)
Source of classification or shelving scheme
Koha item type Book
Call number prefix 004.16,OSB
Holdings
Withdrawn status Lost status Source of classification or shelving scheme Damaged status Not for loan Permanent Location Current Location Shelving location Date acquired Full call number Barcode Date last seen Price effective from Koha item type Public note
          Military College of Signals (MCS) Military College of Signals (MCS) General Stacks 12/12/2016 004.16,OSB MCS1871 12/08/2016 12/12/2016 Book Almirah No.2, Shelf No.1
          Military College of Signals (MCS) Military College of Signals (MCS) General Stacks 12/12/2016 004.16,OSB MCS1872 12/08/2016 12/12/2016 Book Almirah No.79, Shelf No.4
© 2023 Central Library, National University of Sciences and Technology. All Rights Reserved.